| 000 | 00699nam a2200289Ia 4500 | ||
|---|---|---|---|
| 001 | 13527 | ||
| 008 | 191123s9999 xx 000 0 und d | ||
| 041 | _aspa | ||
| 044 | _aag | ||
| 100 | _aGotleyb, Leonardo, | ||
| 245 | 0 |
_aEl transbordador : _barqueologia de un naufragio. |
|
| 260 |
_aBuenos Aires : _bMuseo Benito Quinquela Martin, _c2017. |
||
| 300 |
_a28 p. _bilustrado |
||
| 500 | _aDonación del artista plástico | ||
| 650 | _aGOTLEYB, LEONARDO | ||
| 650 | _aGRABADOS | ||
| 650 | _aXILOGRAFIAS | ||
| 902 | _aM | ||
| 903 | _am | ||
| 904 | _am | ||
| 907 | _aimpreso | ||
| 911 | _ailustrado | ||
| 912 | _a2017 | ||
| 942 | _cLIBRO | ||
| 999 |
_c11170 _d11170 |
||
| 550 | _ailustrado | ||